| 000 | 01230cam a2200229 4500 | ||
|---|---|---|---|
| 001 | L136750 | ||
| 008 | 070221n2007 000 0 eng u | ||
| 035 | _a(Sirsi) u136750 | ||
| 041 | 0 | _aeng | |
| 110 | 1 |
_aUnited Kingdom _kLaws, etc _95044 |
|
| 245 | 0 | 4 |
_aThe Town and Country Planning (General Permitted Development) (Amendment) (England) Order 2007 _h[electronic resource] |
| 260 |
_aLondon _bTSO _c2007 |
||
| 490 |
_aSI _v2007, 406 |
||
| 520 | _aThis amendment to the Town and Country Planning (General Permitted Development) Order 1995 adds a new Part XXXIX to Sched 2. Grants planning permission in respect of the erection of buildings necessary for the purposes of housing poultry and other captive birds to protect them from avian influenza. | ||
| 590 | _aKA | ||
| 650 | 2 | 4 | _aTOWN AND COUNTRY PLANNING (GENERAL PERMITTED DEVELOPMENT) (AMENDMENT) (ENGLAND) ORDER 2007 |
| 650 | 2 | 4 | _aTOWN AND COUNTRY PLANNING (GENERAL PERMITTED DEVELOPMENT) ORDER 1995 |
| 651 | 4 |
_aEngland _y886- |
|
| 690 | _aENVIRONMENTAL AND LAND CONSULTANCY-PLANNING AND DEVELOPMENT-DEVELOPMENT CONTROL | ||
| 856 | 4 | 0 |
_uhttps://www.opsi.gov.uk/si/si2007/20070406.htm _zView the statutory instrument free of charge at www.opsi.gov.uk... |
| 942 | _n0 | ||
| 999 |
_c106500 _d106500 |
||